Biggles learns to fly / (Record no. 341)
[ view plain ]
| 000 -LEADER | |
|---|---|
| fixed length control field | 00608cam a22002178x 4500 |
| 001 - CONTROL NUMBER | |
| control field | 1903656 |
| 005 - DATE AND TIME OF LATEST TRANSACTION | |
| control field | 20200421093827.0 |
| 008 - FIXED-LENGTH DATA ELEMENTS--GENERAL INFORMATION | |
| fixed length control field | 921012r19921935enk j 00011 eng b |
| 015 ## - NATIONAL BIBLIOGRAPHY NUMBER | |
| National bibliography number | b92Y2090 |
| 020 ## - INTERNATIONAL STANDARD BOOK NUMBER | |
| International Standard Book Number | 0099938200 |
| 035 ## - SYSTEM CONTROL NUMBER | |
| System control number | 1903656 |
| 040 00 - CATALOGING SOURCE | |
| Original cataloging agency | Whitaker |
| 082 00 - DEWEY DECIMAL CLASSIFICATION NUMBER | |
| Classification number | 823.912 |
| Edition information | 20 |
| 100 1# - MAIN ENTRY--PERSONAL NAME | |
| Personal name | Johns, W. E. |
| Fuller form of name | (William Earl), |
| Dates associated with a name | 1893-1968. |
| 9 (RLIN) | 1696 |
| 245 10 - TITLE STATEMENT | |
| Title | Biggles learns to fly / |
| Statement of responsibility, etc. | W.E. Johns. |
| 260 ## - PUBLICATION, DISTRIBUTION, ETC. | |
| Place of publication, distribution, etc. | London : |
| Name of publisher, distributor, etc. | Red Fox, |
| Date of publication, distribution, etc. | 1992, c1935. |
| 300 ## - PHYSICAL DESCRIPTION | |
| Extent | 204 p. ; |
| Dimensions | 18 cm. ; |
| Accompanying material | pbk. |
| 500 ## - GENERAL NOTE | |
| General note | Originally published: London : Boy's Friend Library, 1935. |
| 942 ## - ADDED ENTRY ELEMENTS (KOHA) | |
| Source of classification or shelving scheme | Dewey Decimal Classification |
| Koha item type | Books |
| 956 ## - LOCAL ELECTRONIC LOCATION AND ACCESS (OCLC) | |
| Host name | NLS |
| Withdrawn status | Lost status | Damaged status | Not for loan | Collection | Home library | Current library | Shelving location | Date acquired | Barcode | Date last seen | Price effective from | Koha item type |
|---|---|---|---|---|---|---|---|---|---|---|---|---|
| Reference | Centerville | Centerville | General stacks | 09/04/2014 | 39999000014839 | 09/04/2014 | 09/04/2014 | Books | ||||
| Reference | Fairview | Fairview | General stacks | 09/04/2014 | 39999000014877 | 09/04/2014 | 09/04/2014 | Books | ||||
| Reference | Midway | Midway | General stacks | 09/04/2014 | 39999000014853 | 09/04/2014 | 09/04/2014 | Books |